000
00294nam a2200121Ia 4500
008
241028s9999 xx 000 0 und d
041
_a
eng
082
_a
658.3 AUG
100
_a
Aguinis, Herma
245
_a
Peformance Management
260
_b
Sage Pub
_a
Chicago
_c
2019
300
_a
381;. P. 23 Cm
999
_c
43115
_d
43115